000 00525nam a2200181 a 4500
005 20140412111221.0
008 001117s19uu xx 00 eng d
020 _a0-7214-0921-0
050 _aER
_bJe47 1986
100 _aMcCullagh, Shiela
245 _aJeremy Mouse and Mr Puffle /
_cShiela McCullagh, Tony Morris.
260 _aUK :
_bLadybird,
_c1986.
300 _a43 p. ; col. ; ill.
440 _aPuddle Lane, Stage 1, v.14
650 _aReading
_xJuvenile literature
650 _aMice--Fiction
999 _c101922
_d101922